000 03568cam a2200421 i 4500
001 19196964
003 OSt
005 20231211124844.0
008 151223s2015 ii af b 001 0deng d
010 _a 2016319691
020 _a9789352820979
025 _aI-E-2016-319691; 59-24; 60-24; 61-24
035 _a(OCoLC)ocn933390381
035 _a(OCoLC)933390381
037 _bLibrary of Congress -- New Delhi Overseas Office
040 _aORE
_beng
_erda
_cORE
_dORE
_dOCLCF
_dYDXCP
_dDLC
042 _alccopycat
_alcode
043 _aa-ii---
050 0 0 _aDS485.T7
_bP55 2015
082 _a954.83035092
_bPIL/I
100 1 _aPillai, Manu S.,
_d1990-
_eauthor.
245 1 4 _aDanthasimhasanam = The Ivory throne :
_bchronicles of the House of Travancore /
_cManu S. Pillai.
264 _bD C Books,
_c2023.
300 _a862 pages,
_billustrations (some color) ;
_c23 cm
336 _atext
_btxt
_2rdacontent
337 _aunmediated
_bn
_2rdamedia
338 _avolume
_bnc
_2rdacarrier
504 _aIncludes bibliographical references (pages 557-662) and index.
505 0 _aA painter prince -- The queen of the Kupakas -- Three consorts -- The second favourite -- Her highness the Maharajah -- A Christian minister -- Malice domestique -- Tea and troubles -- The Boudoir Dewan -- Black magic -- In letters of gold -- Mother and son -- La revanche -- A real little grande dame -- A palace coup -- The ultimate eclipse -- The villain of the piece -- Rivers of blood -- The reluctant princess -- Once I had a kingdom.
520 _a"In 1498, when Vasco da Gama set foot in Kerala looking for Christians and spices, he unleashed a wave of political fury that would topple local powers like a house of cards. The cosmopolitan fabric of a vibrant trading society with its Jewish and Arab merchants, Chinese pirate heroes and masterful Hindu Zamorins was ripped apart, heralding an age of violence and bloodshed. One prince, however, emerged triumphant from this descent into chaos. Shrewdly marrying Western arms to Eastern strategy, Martanda Varma consecrated the dominion of Travancore, destined to become one of the most dutiful pillars of the British Raj. What followed was two centuries of internecine conflict in one of India's premier princely states, culminating in a dynastic feud between two sisters battling to steer the fortunes of their house on the eve of Independence. Manu S. Pillai's retelling of this sprawling saga focuses on the remarkable life and work of Sethu Lakshmi Bayi, the last, and forgotten, queen of the House of Travancore. The supporting cast includes the flamboyant painter Raja Ravi Varma and his wrathful wife, scheming matriarchs of violent, profligate and sordid character, wifeswapping court favourites, vigilant English agents, quarrelling consorts and lustful kings. Extensively researched and vividly rendered, The Ivory Throne conjures up a dramatic world of political intrigues and factions, black magic and conspiracies, crafty ceremonies and splendorous temple treasures, all harnessed in a tragic contest for power and authority in the age of empire."--From source other than the Library of Congress
530 _aAlso issued as an e-book.
600 0 0 _aSetu Lakshmi Bayi,
_cMaharani of Travancore,
_d1895-1985.
651 0 _aTravancore (India)
_xHistory.
651 0 _aTravancore (India)
_xKings and rulers.
906 _a7
_bcbc
_ccopycat
_d3
_encip
_f20
_gy-gencatlg
942 _2ddc
_cBK
_h954.83035092
_iPIL/I
_k954.83035092
_mPIL/I
999 _c44159
_d44159